[Event "Uzes op"]
[Site "Uzes"]
[Date "1989.??.??"]
[Round "2"]
[White "Deghels, N."]
[Black "Weill, Roland"]
[Result "0-1"]
[WhiteElo "1690"]
[BlackElo "2235"]

1.d4 Nf6 2.c4 e6 3.Nc3 Bb4 4.Nf3 O-O 5.g3 c5 6.d5 d6 7.Bg2 Bxc3+ 8.bxc3 e5
9.O-O e4 10.Ng5 Re8 11.Nh3 Nbd7 12.Nf4 Ne5 13.Qb3 b6  0-1

[Event "Val Thorens"]
[Site "Val Thorens"]
[Date "1989.??.??"]
[Round "6"]
[White "Ghitescu, Theodor"]
[Black "Ruf, Matthias"]
[Result "1-0"]
[WhiteElo "2390"]
[BlackElo "2330"]

1.d4 e6 2.Nf3 Nf6 3.c4 Bb4+ 4.Nc3 Bxc3+ 5.bxc3 b6 6.Bg5 Bb7 7.e3 h6 8.Bh4 d6
9.Nd2 Nbd7 10.f3 e5 11.e4 g5 12.Bf2 c5 13.d5 Nf8 14.Bd3 Ng6 15.Nf1 Bc8 16.Ne3 Nf4
17.Bf1 Ng8 18.h4 Qf6 19.h5 Qg7 20.g3 Nf6 21.gxf4 exf4 22.Nc2 Nd7 23.Be2 Qxc3+
24.Qd2 Qg7 25.O-O-O Ne5 26.Rdg1 Qf6 27.Na3 Qd8 28.Be1 Bd7 29.Qb2 f6 30.Bc3 a6
31.Bxe5 fxe5 32.Nb1 Ke7 33.Nc3 Qc7 34.Kd2 Rhb8 35.a4 Rb7 36.Ra1 a5 37.Nb5 Qd8
38.Ra3 Rab8 39.Rb3 Qg8 40.Qc1 Qh7 41.Nc3 Qh8 42.Qg1 Qe8 43.Nb5 Qf8 44.Qh2 Qe8
45.Kc3 Qf8 46.Kb2 Qe8 47.Ka3 Qf8 48.Bf1 Qc8 49.Nc3 Ra8 50.Rb2 Rab8 51.Qg1 Kf6
52.Rbh2 Qd8 53.Bh3 Bxh3 54.Rxh3 Qd7 55.R3h2 Kg7 56.Rb2 Kf7 57.Nd1 Ke8 58.Nf2 Kd8
59.Ng4 Qg7 60.Rg2 Kc7 61.Nxh6 Qxh6 62.Rxg5 Rd8 63.Rg6 Qh8 64.h6 Kb8 65.Qg5 Ka7
66.h7 Ka6 67.Qxd8  1-0

[Event "Warsaw op"]
[Site "Warsaw"]
[Date "1989.??.??"]
[Round "?"]
[White "Ubilava, Elizbar"]
[Black "Szypulski, Andrzej"]
[Result "1-0"]
[WhiteElo "2515"]
[BlackElo "2390"]

1.d4 Nf6 2.c4 e6 3.Nc3 Bb4 4.Nf3 Nc6 5.Bg5 h6 6.Bh4 d6 7.e3 O-O 8.Qc2 g5
9.Bg3 Bxc3+ 10.bxc3 Nh5 11.Be2 f5 12.d5 exd5 13.cxd5 Ne7 14.Nd4 Ng7 15.c4 Ng6
16.h4 Qf6 17.hxg5 hxg5 18.Rh6 Bd7 19.O-O-O Kf7 20.f4 Rh8 21.Rxh8 Rxh8 22.Qb2 b6
23.Rf1 Re8 24.Qc3 g4 25.Rh1 c5 26.dxc6 Bxc6 27.Rh6 Ne6 28.Bd3 Nxd4 29.exd4 Bxg2
30.Rh7+ Kg8 31.Rxa7 Re3 32.c5 dxc5 33.Bc4+  1-0

[Event "Arizona"]
[Site "Arizona"]
[Date "1990.??.??"]
[Round "?"]
[White "Lee, Harlan"]
[Black "Larsen, Kenneth"]
[Result "0-1"]
[WhiteElo "2210"]
[BlackElo "2325"]

1.c4 e6 2.Nf3 Nf6 3.d4 Bb4+ 4.Nc3 O-O 5.Qc2 c5 6.a3 Bxc3+ 7.Qxc3 b6 8.Bg5 cxd4
9.Qxd4 Nc6 10.Qh4 Bb7 11.e3 Rc8 12.Bd3 h6 13.Bxh6 gxh6 14.Qxh6 Re8 15.Ng5 Ne5
16.Bh7+ Nxh7 17.Qxh7+ Kf8 18.Qh8+ Ke7 19.Qxe5 f6 20.Qf4 fxg5 21.Qxg5+ Kd6
22.Qg3+ e5 23.Rd1+ Kc7 24.f3 Qe7 25.h4 Rg8 26.Qh3 Rcf8 27.Ke2 Qf7 28.e4 Bxe4  0-1

[Event "Biel-B"]
[Site "Biel"]
[Date "1990.??.??"]
[Round "3"]
[White "Ioseliani, Nana"]
[Black "Brunner, Lucas"]
[Result "1/2-1/2"]
[WhiteElo "2480"]
[BlackElo "2475"]

1.d4 Nf6 2.c4 e6 3.Nc3 Bb4 4.Nf3 c5 5.g3 cxd4 6.Nxd4 Ne4 7.Qd3 Qa5 8.Nb3 Nxc3
9.Nxa5 Ne4+ 10.Bd2 Bxd2+ 11.Qxd2 Nxd2 12.Kxd2 Nc6 13.Nxc6 dxc6 14.Bg2 e5
15.Kc3 Be6 16.Rhd1 Ke7 17.a4 Rhd8 18.a5 Rac8 19.Rxd8  1/2-1/2

[Event "Chartres op"]
[Site "Chartres"]
[Date "1990.??.??"]
[Round "2"]
[White "Michalet, Guy"]
[Black "Cebalo, Miso"]
[Result "1-0"]
[WhiteElo "2210"]
[BlackElo "2525"]

1.d4 Nf6 2.c4 e6 3.Nc3 Bb4 4.Nf3 b6 5.g3 Bb7 6.Bg2 Bxc3+ 7.bxc3 d6 8.c5 dxc5
9.Ba3 Nbd7 10.Qb3 Qe7 11.O-O O-O 12.Rfd1 Rab8 13.c4 e5 14.dxc5 Nxc5 15.Qe3 Rfe8
16.Bh3 g6 17.Nd2 Bc8 18.Bxc8 Rbxc8 19.Nb3 Qe6 20.Bxc5 bxc5 21.Qxc5 a6 22.Kg2 h5
23.h4 Ne4 24.Qd5 Qf5 25.Rf1 Qg4 26.Qd3 Rcd8 27.Qf3 Nd2 28.Qxg4 hxg4 29.Rfd1 Nxc4
30.Rdc1 Nd2 31.Rxc7 e4 32.Rd1 e3 33.fxe3 Rxe3 34.Kf2 Rxb3 35.axb3 Ne4+ 36.Ke1 Rb8
37.Rd3 Rb5 38.Rc4 Nf6 39.Rc6 Ne4 40.Rxa6 Rc5 41.Ra1 Rc2 42.Re3 f5 43.Kd1 Rc7
44.Rxe4 fxe4 45.Kd2 Rd7+ 46.Ke3 Rb7 47.Ra3 Rb4 48.Kf4 Kg7 49.Ra4 Rxb3 50.Rxe4 Kh6
51.Kxg4 Ra3 52.Re6 Ra4+ 53.e4 Ra5 54.Rd6 Kg7 55.Kf4 Rb5 56.Rd7+ Kf6 57.g4 Rb1
58.e5+ Ke6 59.Rd6+ Kf7 60.Kg5 Rb5 61.Rf6+ Ke7 62.Kxg6 Rxe5 63.h5 Re4 64.g5  1-0

[Event "Chartres op"]
[Site "Chartres"]
[Date "1990.??.??"]
[Round "3"]
[White "Michalet, Guy"]
[Black "Wells, Peter K"]
[Result "0-1"]
[WhiteElo "2210"]
[BlackElo "2410"]

1.d4 Nf6 2.c4 e6 3.Nc3 Bb4 4.Nf3 c5 5.d5 Bxc3+ 6.bxc3 Qa5 7.Bd2 O-O 8.e3 Qc7
9.Qb3 b6 10.Rd1 Ba6 11.Bc1 d6 12.Be2 Re8 13.Qc2 exd5 14.cxd5 Bxe2 15.Qxe2 a6
16.c4 b5 17.O-O Qa5 18.Qc2 Nbd7 19.Rfe1 Nb6 20.Nd2 Qa4 21.Qb3 Ne4 22.Nxe4 Rxe4
23.cxb5 axb5 24.Qb1 Qb4 25.Qa1 Qc4 26.a3 Nxd5 27.Bb2 Rg4 28.Rd2 b4 29.a4 h5
30.Red1 Qe4 31.g3 Rg5 32.h4 Nxe3 33.fxe3 Rxg3+ 34.Kf1 Qg4  0-1

[Event "Cheliabinsk-A"]
[Site "Cheliabinsk"]
[Date "1990.??.??"]
[Round "?"]
[White "Ganbaatar, Ishdagva"]
[Black "Ulibin, Mikhail"]
[Result "0-1"]
[WhiteElo "2255"]
[BlackElo "2460"]

1.d4 Nf6 2.Nf3 e6 3.c4 Bb4+ 4.Nc3 c5 5.e3 Nc6 6.a3 Bxc3+ 7.bxc3 O-O 8.Bd3 d6
9.Nd2 e5 10.d5 Ne7 11.O-O Bd7 12.f4 exf4 13.exf4 Bf5 14.Qc2 Qd7 15.h3 h5
16.Rb1 Rfe8 17.Nf3 Bxd3 18.Qxd3 Nf5 19.Ng5 h4 20.Bd2 g6 21.Rb5 Re7 22.Rfb1 Rae8
23.Nf3 Nh5 24.Kh2 b6 25.a4 Qd8 26.a5 bxa5 27.Ra1 Ne3 28.Ne5 Nxg2 29.Kxg2 dxe5
30.f5 Nf4+ 31.Bxf4 exf4 32.fxg6 Qd6 33.Rb2 fxg6 34.Rg1 Re3 35.Qb1 Kh7 36.Rb7+ Kh6
37.Rf7 f3+ 38.Rxf3 Rxf3 39.Kxf3 Qf6+ 40.Kg2 Re2+  0-1

[Event "Daugavpils"]
[Site "Daugavpils"]
[Date "1990.??.??"]
[Round "?"]
[White "Lapinski, J."]
[Black "Gipslis, Aivars"]
[Result "0-1"]
[WhiteElo "2200"]
[BlackElo "2480"]

1.d4 Nf6 2.c4 e6 3.Nc3 Bb4 4.Nf3 c5 5.g3 O-O 6.Bg2 cxd4 7.Nxd4 d5 8.O-O dxc4
9.Qa4 Na6 10.Ndb5 Nd5 11.Rd1 Bd7 12.Nxd5 exd5 13.Rxd5 Qe8 14.Be3 Rc8 15.Rad1 Bc6
16.a3 Bc5 17.Rxc5 Nxc5 18.Bxc5 Bxb5 19.Qxa7 Qxe2 20.Rf1 Rfd8 21.Bb6 Rd1 22.Qxb7 Rcd8
23.Be3 c3  0-1

[Event "Dortmund-C"]
[Site "Dortmund"]
[Date "1990.??.??"]
[Round "?"]
[White "Miladinovic, Igor"]
[Black "Schuetz, Thomas"]
[Result "1-0"]
[WhiteElo "2360"]
[BlackElo "2310"]

1.d4 Nf6 2.c4 e6 3.Nf3 Bb4+ 4.Nc3 c5 5.g3 O-O 6.Bg2 d5 7.cxd5 Nxd5 8.Qd3 cxd4
9.Nxd4 Nxc3 10.bxc3 Bc5 11.O-O e5 12.Nb3 Bb6 13.a4 a6 14.Ba3 Qxd3 15.exd3 Rd8
16.Bc5 Ba7 17.d4 Bxc5 18.Nxc5 exd4 19.cxd4 Nc6 20.d5 Nb4 21.a5 Rb8 22.Rab1 Nc2
23.Nxa6 Ra8 24.Nc5 Rxa5 25.Nxb7 Bxb7 26.Rxb7 g6 27.Rd1 Ra1 28.Rxa1 Nxa1 29.Rb2 Kf8
30.g4 h6 31.h4 Rc8 32.Rb1 Nc2 33.Rc1 Rc4 34.d6 Ke8 35.Kh2 Na3 36.Ra1 Rc3
37.Re1+ Kd7 38.Re7+ Kxd6 39.Rxf7 Ke5 40.Rh7 Kf4 41.Bh3 Nc2 42.Rf7+ Ke4 43.Rf6 Nd4
44.Bg2+ Ke5 45.Rxg6 Kf4 46.Rg8 Rc2 47.Rd8 Nf3+ 48.Bxf3 Rxf2+ 49.Bg2 Kxg4
50.Rd4+ Rf4 51.Bh3+ Kf3 52.Rd3+ Ke2 53.Kg3 Kxd3 54.Kxf4 Kd4 55.Be6  1-0

[Event "BCF-ch"]
[Site "Eastbourne"]
[Date "1990.??.??"]
[Round "?"]
[White "Kumaran, Dharshan"]
[Black "Large, Peter G"]
[Result "0-1"]
[WhiteElo "2230"]
[BlackElo "2325"]

1.d4 Nf6 2.c4 e6 3.Nc3 Bb4 4.Nf3 b6 5.Bg5 Bb7 6.e3 h6 7.Bh4 Bxc3+ 8.bxc3 d6
9.Nd2 g5 10.Bg3 Qe7 11.f3 Nbd7 12.e4 O-O-O 13.Bd3 Nh5 14.Qa4 Kb8 15.O-O-O Nxg3
16.hxg3 h5 17.Nf1 g4 18.f4 f5 19.exf5 exf5 20.Qc2 d5 21.cxd5 Nf6 22.c4 b5
23.Nd2 bxc4 24.Nxc4 Bxd5 25.Bxf5 Ka8 26.Rhe1 Qb4 27.Ne3 Qa3+ 28.Qb2 Qa5 29.Nxd5 Nxd5
30.Be4 Rh6 31.Re3 Rc6+ 32.Kb1 Rb8 33.Rb3 Rxb3  0-1

[Event "BCF-ch"]
[Site "Eastbourne"]
[Date "1990.??.??"]
[Round "?"]
[White "Kumaran, Dharshan"]
[Black "Franklin, Michael J"]
[Result "0-1"]
[WhiteElo "2230"]
[BlackElo "2335"]

1.d4 Nf6 2.c4 e6 3.Nc3 Bb4 4.Nf3 Nc6 5.Bg5 d6 6.e3 Qe7 7.Qc2 Bd7 8.Bd3 h6
9.Bxf6 Qxf6 10.O-O-O Bxc3 11.Qxc3 e5 12.d5 Ne7 13.e4 b6 14.Kb1 Ng6 15.Rdf1 Nf4
16.Ne1 Qg6 17.Bc2 Ne2 18.Qd2 Nd4 19.f4 Nxc2 20.Qxc2 exf4 21.Rxf4 O-O 22.Rhf1 Rae8
23.Nf3 Re7 24.Nh4 Qg5 25.Qf2 f6 26.Qf3 Rfe8 27.a3 Re5 28.g3 c5 29.Ka2 a6
30.Qb3 Rxe4 31.Qxb6 Rxf4 32.Rxf4 Qe5 33.Ng6 Qe3 34.Qxa6 Rb8 35.b4 Qd2+ 36.Ka1 Re8
37.Rf1 Qc3+ 38.Kb1 Qd3+  0-1

[Event "Frankfurt"]
[Site "Frankfurt"]
[Date "1990.??.??"]
[Round "?"]
[White "Bewersdorff, Oliver"]
[Black "Zude, Arno"]
[Result "1/2-1/2"]
[WhiteElo "2325"]
[BlackElo "2325"]

1.d4 Nf6 2.c4 e6 3.Nc3 Bb4 4.Nf3 c5 5.g3 O-O 6.Bg2 d5 7.O-O dxc4 8.dxc5 Nc6
9.Qa4 Qa5 10.Qxa5 Nxa5 11.Be3 Bxc3 12.bxc3 Nd5 13.Bd4 Bd7 14.Ne5 Ba4 15.e4 Nc7
16.f4 Rac8 17.Rfe1 f6 18.Nf3 Na6 19.Bh3 Rfe8 20.g4 Nxc5 21.e5 Nd3 22.exf6 Nxe1
23.Rxe1 gxf6 24.Bxf6 Bc6 25.Ne5 Bd5 26.g5 Nc6 27.Ng4 Nb8 28.Bd4 Nd7 29.Nh6+ Kf8
30.Bg4 Ke7 31.Nf5+ Kd8 32.Nd6 Rf8 33.Nxc8  1/2-1/2

[Event "GEO-ch (Women)"]
[Site "?"]
[Date "1990.??.??"]
[Round "13"]
[White "Lanchava, Tea"]
[Black "Khugashvili, Tamara"]
[Result "1/2-1/2"]
[WhiteElo "2060"]
[BlackElo "2230"]

1.d4 Nf6 2.c4 e6 3.Nc3 Bb4 4.Nf3 b6 5.g3 Bb7 6.Bg2 Be4 7.O-O Bxc3 8.bxc3 d6
9.Bh3 Nbd7 10.Nd2 Bb7 11.Qc2 O-O 12.e4 e5 13.Ba3 c5 14.Rae1 Re8 15.d5 Bc8
16.f4 exf4 17.gxf4 Nh5 18.Qd1 Qh4 19.Qg4 Qxg4+ 20.Bxg4 g6 21.Bc1 Ng7 22.e5 f5
23.e6 fxg4 24.exd7 Bxd7 25.Ne4 Rf8 26.Nxd6 Nf5 27.Nxf5 Bxf5 28.Re3 Rfe8 29.Rfe1 Rxe3
30.Rxe3 Kf7 31.Bd2 Re8 32.Kf2 Bb1 33.Rxe8 Kxe8 34.a3 Ba2 35.Ke3 Bxc4 36.Ke4 Kd7
37.Ke5 Bd3 38.Be1 a5 39.Bf2 h5 40.Be1 b5 41.d6 Bc4 42.Kf6 Bd3 43.Ke5 Bc2
44.Kd5 b4 45.cxb4 cxb4 46.axb4 axb4 47.Bxb4 h4 48.Bc5  1/2-1/2

[Event "Bundesliga 8990"]
[Site "Germany"]
[Date "1990.??.??"]
[Round "?"]
[White "Kurz, Alexander"]
[Black "Lehmann, Klaus"]
[Result "1/2-1/2"]
[WhiteElo "2285"]
[BlackElo "2305"]

1.d4 Nf6 2.c4 e6 3.Nc3 Bb4 4.Nf3 c5 5.g3 cxd4 6.Nxd4 Ne4 7.Qd3 Qa5 8.Nb3 Qf5
9.Qe3 Nxc3 10.bxc3 Be7 11.Bg2 O-O 12.O-O Nc6 13.c5 b6 14.cxb6 axb6 15.Qxb6 Ba6
16.Nd4 Nxd4 17.Qxd4 Bf6 18.Qxd7 Rad8 19.Qa4 Bxe2 20.Ba3 Bb5 21.Qf4 Bxf1 22.Rxf1 Qxf4
23.gxf4 Bxc3 24.Bxf8 Kxf8 25.Rc1 Bb4 26.Bf1 g6 27.Bb5 Rd5 28.a4 Bd6 29.Rc8+ Kg7
30.Rd8 Bxf4 31.Rxd5 exd5 32.a5 Bb8 33.a6 Kf6 34.Kg2 Ke5 35.Kf3 Ba7 36.Be8 f5
37.h4 d4 38.Bb5 Kf6 39.Bd3 g5 40.hxg5+ Kxg5 41.Kg3 Bb8+ 42.Kh3 h6 43.Bc2 Ba7
44.Bd3 Bb6 45.Kg3 f4+ 46.Kh3 Bc5 47.f3 Ba7 48.Be4 Bb8  1/2-1/2

[Event "Bundesliga 8990"]
[Site "Germany"]
[Date "1990.??.??"]
[Round "?"]
[White "Kurz, Alexander"]
[Black "Mueller, Olaf"]
[Result "1-0"]
[WhiteElo "2285"]
[BlackElo "2355"]

1.d4 Nf6 2.c4 e6 3.Nc3 Bb4 4.Nf3 c5 5.g3 O-O 6.Bg2 cxd4 7.Nxd4 d5 8.O-O dxc4
9.Qa4 Na6 10.Rd1 Bd7 11.Qc2 Qb6 12.Bg5 Nc5 13.Bxf6 gxf6 14.Qd2 Kg7 15.Nc2 Rad8
16.Qf4 Bxc3 17.bxc3 e5 18.Qh4 Bc6 19.Rdb1 Qc7 20.Ne3 Qc8 21.Bxc6 bxc6 22.Qxc4 Ne6
23.Qg4+ Kh8 24.Qf5 Ng7 25.Qxf6 Rd2 26.Rb4 Qe6 27.Qxe6 Nxe6 28.Kf1 f5 29.Ke1 Rd7
30.Rab1 f4 31.Nc4 fxg3 32.hxg3 Rdf7 33.f3 e4 34.Nd6 Rg7 35.Nxe4 h5 36.Rb7 Rff7  1-0

[Event "Bundesliga 8990"]
[Site "Germany"]
[Date "1990.??.??"]
[Round "?"]
[White "Neurohr, Stephan"]
[Black "Wegner, Hannu"]
[Result "1/2-1/2"]
[WhiteElo "2325"]
[BlackElo "2365"]

1.d4 Nf6 2.c4 e6 3.Nc3 Bb4 4.Nf3 c5 5.g3 cxd4 6.Nxd4 O-O 7.Bg2 d5 8.cxd5 Nxd5
9.Bd2 Bxc3 10.bxc3 Nb6 11.O-O Qe7 12.Qb3 Na6 13.a4 Nc5 14.Qb4 Nd5 15.Nf5 Qc7
16.Bxd5 exd5 17.Bf4 Qd7 18.Nh6+ gxh6 19.Qxc5 Qe6 20.Rad1 Rd8 21.Rfe1 b6 22.Qd4 Bb7
23.e4 Qc6 24.e5 Re8 25.Rd3 Rac8 26.Bd2 Qg6 27.Qe3 Rc4 28.Rd4 h5 29.h4 Bc6
30.Ra1 Qf5 31.f4 Re6 32.a5 Rg6 33.Kh2 Bd7 34.Be1 Qh3+ 35.Kg1 Bf5 36.Rxc4 dxc4
37.axb6 axb6 38.Ra8+ Kg7 39.Ra2 Bd3 40.Qf2 Be4 41.Qh2 Qg4 42.Qe2 Qxf4 43.Kh2 Qf5
44.Bf2 Bd5 45.Rb2 Be6 46.Kg1 Qh3 47.Qe4 b5 48.Rxb5 Bf5 49.Qg2 Qg4 50.Bd4 Be6
51.Rb2 h6 52.Rf2 Kh7 53.Rf4 Qxg3 54.Qxg3 Rxg3+ 55.Kf2 Rh3 56.Ke2 Kg8 57.Kd2 Bg4
58.Bf2 Rd3+ 59.Kc2 Be6 60.Bd4 Kf8 61.Bc5+  1/2-1/2

[Event "Bundesliga 8990"]
[Site "Germany"]
[Date "1990.??.??"]
[Round "?"]
[White "Neurohr, Stephan"]
[Black "Seul, Georg"]
[Result "1-0"]
[WhiteElo "2325"]
[BlackElo "2355"]

1.d4 Nf6 2.c4 e6 3.Nc3 Bb4 4.Nf3 c5 5.g3 Bxc3+ 6.bxc3 Qa5 7.Qd3 Nc6 8.Bd2 d6
9.Bg2 e5 10.Ng5 O-O 11.O-O Qa4 12.dxc5 dxc5 13.f4 h6 14.Ne4 Nxe4 15.Bxe4 Be6
16.Bd5 e4 17.Qe3 Bxd5 18.cxd5 Ne7 19.Qxc5 Nf5 20.Rfc1 e3 21.Be1 Qe4 22.Rab1 a5
23.Rxb7 Rfd8 24.Qc6 Rd6 25.Re7 Qxe7 26.Qxa8+ Kh7 27.Qxa5 Rg6 28.Qb4 Qd7 29.Qe4 h5
30.Kh1 h4 31.gxh4 Rg4 32.c4 g6 33.c5 Qb5 34.Qc4 Qb2 35.Qc2 Qd4 36.Qc4 Qb2
37.c6 Nd6 38.Qc2 Qd4 39.Bg3 Qxd5+ 40.Kg1 Nf5 41.Qc4 Nxg3 42.Qxd5 Ne4+ 43.Kf1 Nd2+
44.Qxd2 exd2 45.Rd1 Rxf4+ 46.Kg2 Rc4 47.Rxd2 Rxc6 48.a4 Rc5 49.Ra2 Ra5 50.Kf3 Kh6
51.Ke3 Kh5 52.Kd3 Kxh4 53.Kc4 Kh3 54.Kb4 Re5 55.a5 Kxh2 56.a6 Re8 57.Kc5 g5
58.a7 Ra8 59.Kb6 g4 60.Ra5 g3 61.Rh5+ Kg1 62.Rf5 Rf8 63.Kb7 g2 64.a8=Q Rxa8
65.Kxa8 Kh1 66.Rxf7 g1=N 67.Rf1  1-0

[Event "Bundesliga 8990"]
[Site "Germany"]
[Date "1990.??.??"]
[Round "?"]
[White "Graf, Juergen"]
[Black "Fries Nielsen, Jens Ove"]
[Result "1/2-1/2"]
[WhiteElo "2425"]
[BlackElo "2400"]

1.d4 Nf6 2.Nf3 e6 3.c4 Bb4+ 4.Nc3 c5 5.g3 O-O 6.Bg2 cxd4 7.Nxd4 d5 8.cxd5 Nxd5
9.Bd2 Nxc3 10.bxc3 Be7 11.O-O Nd7 12.Rb1 Nc5 13.Bf4 f6 14.Be3 e5 15.Nb3 Na4
16.Qc2 Qc7 17.c4 Be6 18.c5 Rab8 19.Rfc1 f5 20.Nd2 f4  1/2-1/2

[Event "SWE-ch"]
[Site "Gothenburg"]
[Date "1990.??.??"]
[Round "?"]
[White "Holst, Conny"]
[Black "Brynell, Stellan"]
[Result "0-1"]
[WhiteElo "2285"]
[BlackElo "2430"]

1.d4 e6 2.c4 Nf6 3.Nc3 Bb4 4.Nf3 c5 5.g3 cxd4 6.Nxd4 O-O 7.Bg2 d5 8.O-O dxc4
9.Bf4 Nbd7 10.Nc2 Be7 11.Ne3 e5 12.Bg5 Nb6 13.Rc1 Rb8 14.Bxf6 Bxf6 15.Ne4 Be6
16.Nd6 Qe7 17.Ndxc4 Rfd8 18.Qe1 Nxc4 19.Nxc4 b6 20.a4 g6 21.Qc3 Rbc8 22.b3 Bg7
23.Rfd1 Qc5 24.Rxd8+ Rxd8 25.h4 e4 26.Qc2 f5 27.e3 Bf6 28.Bf1 Qb4 29.Rd1 Rc8
30.Be2 Kf8 31.Kg2 Ke7 32.Rb1 Rc7 33.Rd1 h6 34.Qd2 Qxd2 35.Rxd2 Bc3 36.Rd1 Bb4
37.Kf1 g5 38.hxg5 hxg5 39.Kg2 Kf6 40.Rd8 Rd7 41.Rh8 Kg7 42.Rb8 Bc3 43.Rc8 Bf6
44.Rb8 Bd5 45.a5 bxa5 46.Nxa5 Rd8 47.Rb5 Kg6 48.Bc4 Ba8 49.Be6 f4 50.Bf5+ Kf7
51.gxf4 gxf4 52.exf4 e3+ 53.Kf1 Bf3 54.fxe3 Bh4 55.Kg1 Rd1+  0-1

[Event "SWE-ch"]
[Site "Gothenburg"]
[Date "1990.??.??"]
[Round "?"]
[White "Holst, Conny"]
[Black "Lundin, Anders"]
[Result "1-0"]
[WhiteElo "2285"]
[BlackElo "2265"]

1.d4 Nf6 2.c4 e6 3.Nc3 Bb4 4.Nf3 c5 5.g3 cxd4 6.Nxd4 Ne4 7.Qd3 Qa5 8.Nb3 Qf5
9.Qe3 Nxc3 10.bxc3 Be7 11.Bg2 O-O 12.O-O Nc6 13.c5 d5 14.cxd6 Bxd6 15.Rd1 Be7
16.Nd4 Nxd4 17.cxd4 Rd8 18.Ba3 Qf6 19.Bxe7 Qxe7 20.Rac1 Qd6 21.Qf4 Qxf4 22.gxf4 Rb8
23.Rc7 a5 24.e3 b5 25.Rb1 Bd7 26.Ra7 a4 27.a3 Be8 28.Bf1 Kf8 29.Ra5 Rdc8
30.h4 Rc3 31.Rxa4 bxa4 32.Rxb8 Ke7 33.Bb5 Bxb5 34.Rxb5 Rxa3 35.Ra5 Ra1+ 36.Kg2 a3
37.f5 Kf6 38.fxe6 fxe6 39.Ra6 Ke7 40.h5 h6 41.Kf3 Rh1 42.Rxa3 Rxh5 43.Ra7+ Kf6
44.e4 Rh3+ 45.Ke2 g5 46.e5+ Kf5 47.f3 Kf4 48.Rf7+ Kg3 49.Rf6 Rh2+ 50.Ke3 Rf2
51.d5 exd5 52.e6 Kg2 53.Rxh6 Rxf3+ 54.Kd4 Rf1 55.Rg6 Rd1+ 56.Kc5 d4 57.Rxg5+ Kf2
58.Rf5+ Kg2 59.Rd5 Re1 60.Kd6 Re4 61.e7  1-0

[Event "Groningen op"]
[Site "Groningen"]
[Date "1990.??.??"]
[Round "6"]
[White "Romanishin, Oleg M"]
[Black "Gipslis, Aivars"]
[Result "1-0"]
[WhiteElo "2535"]
[BlackElo "2465"]

1.d4 Nf6 2.c4 e6 3.Nf3 Bb4+ 4.Nc3 c5 5.g3 cxd4 6.Nxd4 O-O 7.Bg2 d5 8.O-O dxc4
9.Qa4 Na6 10.Ndb5 Nd5 11.Rd1 Bd7 12.Nxd5 exd5 13.Rxd5 Qe8 14.Be3 Rc8 15.Rad1 Bc6
16.Rf5 Bxg2 17.Kxg2 Bc5 18.Bxc5 Qe4+ 19.f3 Nxc5 20.fxe4 Nxa4 21.Rd7 Nxb2
22.Nc3 Na4 23.Nxa4 c3 24.Rc5 c2 25.Rdc7  1-0

[Event "Groningen op"]
[Site "Groningen"]
[Date "1990.??.??"]
[Round "8"]
[White "Van Laatum, Gozewijn"]
[Black "Rotstein, Arkadij"]
[Result "0-1"]
[WhiteElo "2290"]
[BlackElo "2365"]

1.d4 Nf6 2.c4 e6 3.Nc3 Bb4 4.Nf3 d5 5.g3 dxc4 6.Bg2 Nc6 7.O-O O-O 8.Bg5 h6
9.Bxf6 Qxf6 10.e4 Rd8 11.e5 Qe7 12.Ne4 Ba5 13.Rc1 b5 14.b3 Bb6 15.bxc4 bxc4
16.Rxc4 Bb7 17.d5 Nxe5 18.Nxe5 exd5 19.Nc6 Bxc6 20.Rxc6 dxe4 21.Qg4 Rd4 22.Rxh6 Re8  0-1

[Event "Helsinki-ch"]
[Site "Helsinki"]
[Date "1990.??.??"]
[Round "?"]
[White "Sorri, Kari Juhani"]
[Black "Lahtinen, Markku"]
[Result "1-0"]
[WhiteElo "2305"]
[BlackElo "2225"]

1.d4 Nf6 2.c4 e6 3.Nc3 Bb4 4.Nf3 b6 5.Bg5 h6 6.Bh4 Bb7 7.e3 g5 8.Bg3 Ne4
9.Qc2 Bxc3+ 10.bxc3 d6 11.Bd3 f5 12.O-O Nd7 13.Nd2 Ndf6 14.f3 Nxd2 15.Qxd2 O-O
16.Qc2 Qe7 17.Bf2 Nh5 18.Rae1 Qf6 19.e4 Nf4 20.exf5 exf5 21.d5 Bc8 22.Bd4 Qf7
23.g3 Ng6 24.Kf2 Bd7 25.h4 gxh4 26.gxh4 Kh7 27.Rg1 Rg8 28.Rg3 Nxh4 29.Rg4 Nxf3
30.Bxf5+  1-0

[Event "FIN-ch"]
[Site "Helsinki"]
[Date "1990.??.??"]
[Round "7"]
[White "Kekki, Petri"]
[Black "Valkesalmi, Kimmo"]
[Result "1-0"]
[WhiteElo "2280"]
[BlackElo "2400"]

1.d4 Nf6 2.c4 e6 3.Nc3 Bb4 4.Nf3 c5 5.Qc2 cxd4 6.Nxd4 O-O 7.Bg5 Be7 8.e3 d6
9.Be2 Nbd7 10.Rd1 a6 11.h4 Qc7 12.h5 Re8 13.Bh4 b6 14.g4 Bb7 15.Rg1 d5 16.Bg3 Bd6
17.g5 Ne4 18.Nxe4 dxe4 19.g6 Ne5 20.gxh7+ Kxh7 21.Kf1 Rac8 22.Nf3 f6 23.Bxe5 Bxe5
24.Nxe5 fxe5 25.Rg2 Red8 26.Rxd8 Qxd8 27.Qc3 Qd6 28.Rg5 b5 29.Qxe5 Qxe5 30.Rxe5 bxc4
31.Rxe6 Bd5 32.Re5 c3 33.bxc3 Bxa2 34.Bxa6 Rxc3 35.Bb7 Bb1 36.Bxe4+ Bxe4
37.Rxe4 Rc5 38.Rh4 Kh6 39.Kg2 Rg5+ 40.Kf3 Rf5+ 41.Kg3 Rf7 42.Rf4 Ra7 43.Rf5 Ra3
44.Re5 Ra1 45.e4 Rg1+ 46.Kf4 Ra1 47.f3 Rb1 48.Rg5 Rb4 49.Rg6+ Kh7 50.Kf5 Rb3
51.f4 Rh3 52.Rg5 Rh4 53.e5 Kg8 54.e6 Kf8 55.Kg6 Rh1 56.Rg2 Rh4 57.f5 Rh1
58.e7+  1-0

[Event "Kherson"]
[Site "Kherson"]
[Date "1990.??.??"]
[Round "?"]
[White "Maksimenko, Andrei"]
[Black "Brodsky, Michail"]
[Result "1/2-1/2"]
[WhiteElo "2290"]
[BlackElo "2290"]

1.d4 Nf6 2.c4 e6 3.Nc3 Bb4 4.Nf3 c5 5.g3 b6 6.Bg2 Bb7 7.O-O cxd4 8.Qxd4 Nc6
9.Qd3 O-O 10.b3 d5 11.cxd5 Bxc3 12.Qxc3 Nxd5 13.Qb2 h6 14.Rd1 Qe7 15.e4 Nc7
16.Bd2 Rfd8 17.Bc3 Rxd1+ 18.Rxd1 Rd8 19.Rd2 Ne8 20.a4 Nf6 21.Rxd8+ Qxd8 22.Nd2 Ba6
23.b4 Bd3 24.b5 Na5 25.Bxa5 bxa5 26.Qc3 Be2 27.e5 Nd5 28.Bxd5 Qxd5 29.Qxa5 Bd1
30.Qb4 Bxa4  1/2-1/2

[Event "JUG-ch (Women)"]
[Site "Kladovo"]
[Date "1990.??.??"]
[Round "?"]
[White "Pihajlic, Amalija"]
[Black "Vuksanovic, Sanja"]
[Result "0-1"]
[WhiteElo "2210"]
[BlackElo "2160"]

1.d4 Nf6 2.c4 e6 3.Nc3 Bb4 4.Nf3 c5 5.e3 b6 6.Bd3 Bb7 7.O-O Bxc3 8.bxc3 d6
9.Nd2 e5 10.d5 Qe7 11.e4 Bc8 12.Re1 Nbd7 13.Nf1 h6 14.Ng3 g6 15.a4 Kf8 16.Bd2 Kg7
17.a5 bxa5 18.Rxa5 Re8 19.Qa1 Nb6 20.f4 exf4 21.Bxf4 Ng4 22.e5 dxe5 23.h3 Qh4
24.Nh1 exf4 25.Rxe8 Ne3 26.Re4 Bf5 27.Rxc5 Bxe4 28.Bxe4 Nbxc4 29.d6 Rd8 30.Rc6 Nxd6
31.c4+ Kg8 32.Bf3 Ndxc4 33.Qxa7 Qe1+ 34.Kh2 Nf1+  0-1

[Event "JUG-ch (Women)"]
[Site "Kladovo"]
[Date "1990.??.??"]
[Round "?"]
[White "Gostovic Bozovic, Miroslava"]
[Black "Vuksanovic, Sanja"]
[Result "1-0"]
[WhiteElo "2100"]
[BlackElo "2160"]

1.d4 Nf6 2.c4 e6 3.Nc3 Bb4 4.Nf3 O-O 5.e3 c5 6.a3 Bxc3+ 7.bxc3 d6 8.Bd3 b6
9.e4 e5 10.h3 Nbd7 11.d5 Qc7 12.a4 Rb8 13.O-O a6 14.Re1 Re8 15.Nh4 b5 16.a5 b4
17.Bc2 Nf8 18.Bg5 Qe7 19.Rb1 h6 20.Bd2 b3 21.Rxb3 Rxb3 22.Bxb3 Nxe4 23.Rxe4 f5
24.Nxf5 Bxf5 25.Re3 Qc7 26.Rg3 Kh7 27.Bc2 Bxc2 28.Qxc2+ Kh8 29.Qf5 Qe7 30.Qh5 Rb8
31.Qg4 Nh7 32.Qg6 Qf6 33.Qd3 Rf8 34.Rf3 Qe7 35.Rxf8+ Nxf8 36.Qb1 Qh4 37.Qb8 Kg8
38.Qxd6 Qxc4 39.Be3 Qxc3 40.Bxc5 Qc1+ 41.Kh2 Qf4+ 42.g3 Qf6 43.Qxf8+ Qxf8
44.Bxf8 Kxf8 45.Kg2 Ke7 46.Kf3 Kd6 47.Ke4 g5  1-0

[Event "JUG-sf"]
[Site "Kladovo"]
[Date "1990.??.??"]
[Round "5"]
[White "Ristic, Nebojsa"]
[Black "Gostisa, Leon"]
[Result "1/2-1/2"]
[WhiteElo "2315"]
[BlackElo "2370"]

1.d4 Nf6 2.c4 e6 3.Nf3 Bb4+ 4.Nc3 b6 5.Bg5 Bb7 6.e3 h6 7.Bh4 Bxc3+ 8.bxc3 d6
9.Bd3 Nbd7 10.O-O O-O 11.Nd2 e5 12.f4 exf4 13.exf4 Re8 14.Qc2 Re3 15.Rfe1 Rxe1+
16.Rxe1 Qf8 17.Qa4 a6 18.Bf5 Re8 19.Qd1 Rxe1+ 20.Qxe1 Bc8 21.Ne4 Nh5 22.Nd2 g6
23.Bc2 Ndf6  1/2-1/2

[Event "Lloyds Bank op"]
[Site "London"]
[Date "1990.??.??"]
[Round "?"]
[White "Wells, Peter K"]
[Black "Rogers, Jonathan"]
[Result "1/2-1/2"]
[WhiteElo "2410"]
[BlackElo "2250"]

1.Nf3 Nf6 2.c4 e6 3.d4 Bb4+ 4.Nc3 h6 5.e3 c5 6.Bd3 Nc6 7.O-O Bxc3 8.bxc3 d6
9.Nd2 O-O 10.f4 e5 11.d5 Ne7 12.fxe5 dxe5 13.Rxf6 gxf6 14.Qh5 Kg7 15.Nf1 Rh8
16.Ng3 Ng6 17.Bf5 e4 18.Bd2 Qe8 19.Rf1 Qe5 20.Bxc8 Raxc8 21.Nf5+ Kf8 22.Be1 Rd8
23.a4 b6 24.Qh3 h5 25.Bg3 Qxc3 26.Bd6+ Kg8 27.Ne7+ Kg7 28.Nf5+ Kg8 29.Ne7+ Kg7
30.Nf5+  1/2-1/2

[Event "Lloyds Bank op"]
[Site "London"]
[Date "1990.??.??"]
[Round "?"]
[White "Kumaran, Dharshan"]
[Black "Pritchett, Craig William"]
[Result "1-0"]
[WhiteElo "2230"]
[BlackElo "2360"]

1.d4 Nf6 2.c4 e6 3.Nc3 Bb4 4.Nf3 b6 5.Bg5 Bb7 6.e3 h6 7.Bh4 Bxc3+ 8.bxc3 Qe7
9.Nd2 d6 10.f3 c5 11.e4 g5 12.Bf2 Nbd7 13.Qa4 Kd8 14.Nb3 e5 15.O-O-O Kc7
16.Na1 cxd4 17.cxd4 exd4 18.Bxd4 Nc5 19.Qa3 Rhd8 20.Nc2 Nfd7 21.Ne3 Ne5 22.Kb1 Qe6
23.Be2 f6 24.h4 g4 25.Rhe1 gxf3 26.gxf3 Rg8 27.Nd5+ Bxd5 28.cxd5 Qh3 29.Bxc5 bxc5
30.Qa5+ Kd7 31.Bb5+ Ke7 32.Qc7+ Kf8 33.Qxd6+ Kf7 34.Qc7+ Kg6 35.h5+ Kg5 36.Qxc5 Rgb8
37.Rg1+ Kf4 38.Qc1+ Kxf3 39.Qc3+ Kxe4 40.Qxh3 Rxb5+ 41.Ka1  1-0